Περιβαλλοντική φιλικότητα τουριστικών καταλύματων : η στάση του τουρίστα-καταναλωτή : πτυχιακή εργασία

Αποθηκεύτηκε σε:
Λεπτομέρειες βιβλιογραφικής εγγραφής
Κύριος συγγραφέας: Κολεζάκη, Μαρία
Συγγραφή απο Οργανισμό/Αρχή: Πανεπιστήμιο Αιγαίου. Σχολή Περιβάλλοντος. Τμήμα Περιβάλλοντος
Άλλοι συγγραφείς: Παπάζογλου, Ελένη
Μορφή: Thesis Βιβλίο
Γλώσσα:Greek
Δημοσίευση: Μυτιλήνη : Πανεπιστήμιο Αιγαίου, Τμήμα Περιβάλλοντος, Τομέας Διαχείρισης Οικοσυστημάτων, 1996
Θέματα:
Διαθέσιμο Online:http://hdl.handle.net/11610/10515
Ετικέτες: Προσθήκη ετικέτας
Δεν υπάρχουν, Καταχωρήστε ετικέτα πρώτοι!

MARC

LEADER 00000cam a2200000 i 4500
001 1/5604
008 000607s1996 gre d
035 |l 10061642 
040 |a GR-MY-UA  |b gre  |e aacr 
041 0 |a gre 
082 0 |a 338.4791  |2 (22) 
100 1 |a Κολεζάκη, Μαρία. 
245 1 0 |a Περιβαλλοντική φιλικότητα τουριστικών καταλύματων :  |b η στάση του τουρίστα-καταναλωτή : πτυχιακή εργασία /  |c Κολεζάκη Μαρία, Παπάζογλου Ελένη ; υπ. καθηγητής: Α. Τρούμπης 
260 |a Μυτιλήνη :   |b Πανεπιστήμιο Αιγαίου, Τμήμα Περιβάλλοντος, Τομέας Διαχείρισης Οικοσυστημάτων,   |c 1996 
300 |a 109 σ.;  |b πιν.,σχ.;  |c 30 εκ. 
502 |a Πτυχιακή εργασία – Πανεπιστήμιο Αιγαίου, Λέσβος, 1996. 
504 |a Περιέχει παραρτήματα και βιβλιγραφία 
650 0 0 |a Tourism. 
650 0 0 |a Eco-labeling. 
650 0 0 |a Tourists  |x Research. 
650 0 0 |a Tourists  |x Attitudes. 
650 0 0 |a Dissertations, Academic  |z Greece. 
700 1 |a Παπάζογλου, Ελένη. 
700 1 |a Τρούμπης, Ανδρέας,  |e dgs 
710 2 |a Πανεπιστήμιο Αιγαίου.   |b Σχολή Περιβάλλοντος.   |b Τμήμα Περιβάλλοντος. 
852 |a INST  |b LESVOS  |c DIATR  |e 20000607  |h 301  |p 005100026008  |q 005100026008  |t DIE  |y 23 
852 |a INST  |b LESVOS  |c DIATR  |e 20000607  |h 302  |p 005100026015  |q 005100026015  |t DIE  |y 23 
856 |u http://hdl.handle.net/11610/10515 
901 |a BIBL1-2000-2 
909 |a Λ  |b 080316 
909 |a Λ  |b 080317 
924 |a ΚΟΛΕΖΑΚΗ  |b ΜΑΡΙΑ  |y ΛΕΣΒΟΣ  |z 1996-08 
924 |a ΠΑΠΑΖΟΓΛΟΥ  |b ΕΛΕΝΗ  |y ΛΕΣΒΟΣ  |z 1996-08 
970 |a ΑΙΒΑΤΖΙΔΟΥ  |b ΕΛΕΝΗ  |z 2000/06/07